| 000 | 00693nam a22002177a 4500 | ||
|---|---|---|---|
| 005 | 20240703120525.0 | ||
| 010 | _aENG-140563 | ||
| 020 |
_a978-932-91813-03-1 _c159.00 |
||
| 035 | _aEN-124095 | ||
| 035 | _aEN-124064 | ||
| 037 | _bDBAD | ||
| 082 | _a823.308 | ||
| 100 |
_aBose,Sumita _968030 |
||
| 245 |
_aYoung Detectives: _bA dozen mysteries for you to solve/ _cBy Sunita Bose |
||
| 260 |
_bGriffin Publication _aMeerut |
||
| 270 |
_aYashoda Kunj, Mawana Road, Meerut _bMeerut _e25001 |
||
| 300 |
_c20cm(hbk) _a92p. |
||
| 500 | _aThis is a collection of short stories written by children. | ||
| 700 |
_960908 _aParthsarathi Mitra |
||
| 942 |
_cEN _2ddc _h823.308 _kBOS |
||
| 999 |
_c203477 _d203477 |
||